Mathematical foundations of imaging, tomography and wavefield inversion / (Record no. 18800)
[ view plain ]
| 000 -LEADER | |
|---|---|
| fixed length control field | 02731cam a2200301 i 4500 |
| 001 - CONTROL NUMBER | |
| control field | 17102763 |
| 003 - CONTROL NUMBER IDENTIFIER | |
| control field | EG-ScBUE |
| 005 - DATE AND TIME OF LATEST TRANSACTION | |
| control field | 20241016122538.0 |
| 008 - FIXED-LENGTH DATA ELEMENTS--GENERAL INFORMATION | |
| fixed length control field | 120103s2012 e a f b f001 0 eng d |
| 020 ## - INTERNATIONAL STANDARD BOOK NUMBER | |
| International Standard Book Number | 9780521119740 (hardback) |
| 040 ## - CATALOGING SOURCE | |
| Original cataloging agency | DLC |
| Language of cataloging | eng |
| Description conventions | rda |
| Transcribing agency | DLC |
| Modifying agency | DLC |
| -- | EG-ScBUE |
| 082 04 - DEWEY DECIMAL CLASSIFICATION NUMBER | |
| Classification number | 515.357 |
| Edition number | 22 |
| Item number | DEV |
| 100 1# - MAIN ENTRY--PERSONAL NAME | |
| Personal name | Devaney, Anthony J., |
| Relator term | author. |
| 9 (RLIN) | 36988 |
| 245 10 - TITLE STATEMENT | |
| Title | Mathematical foundations of imaging, tomography and wavefield inversion / |
| Statement of responsibility, etc | Anthony J. Devaney, Northeastern University, Boston. |
| 264 #1 - PUBLICATION, DISTRIBUTION, ETC. (IMPRINT) | |
| Place of publication, distribution, etc | Cambridge, United Kingdom ; |
| -- | New York, United States : |
| Name of publisher, distributor, etc | Cambridge University Press, |
| Date of publication, distribution, etc | 2012. |
| 300 ## - PHYSICAL DESCRIPTION | |
| Extent | xvii, 518 pages : |
| Other physical details | illustrations ; |
| Dimensions | 26 cm |
| 336 ## - CONTENT TYPE | |
| Source | rdacontent |
| Content type term | text |
| Content type code | txt |
| 337 ## - MEDIA TYPE | |
| Media type term | unmediated |
| Source | rdamedia |
| Media type code | n |
| 338 ## - CARRIER TYPE | |
| Carrier type term | volume |
| Carrier type code | nc |
| Source | rdacarrier |
| 504 ## - BIBLIOGRAPHY, ETC. NOTE | |
| Bibliography, etc | Includes bibliographical references and index.<br/> |
| 505 8# - FORMATTED CONTENTS NOTE | |
| Formatted contents note | Machine generated contents note : 1. Radiation and initial value problems for the wave equation ; 2. Radiation and boundary-value problems in the frequency domain ; 3. Eigenfunction expansions of solutions to the Helmholtz equation ; 4. Angular-spectrum and multipole expansions ; 5. The inverse source problem ; 6. Scattering theory ; 7. Surface scattering and diffraction ; 8. Classical inverse scattering and diffraction tomography; 9. Waves in inhomogeneous media; 10. Time-reversal imaging for systems of discrete scatterers ; 11. The electromagnetic field. |
| 520 ## - SUMMARY, ETC. | |
| Summary, etc | "Inverse problems are of interest and importance across many branches of physics, mathematics, engineering and medical imaging. In this text, the foundations of imaging and wavefield inversion are presented in a clear and systematic way. The necessary theory is gradually developed throughout the book, progressing from simple wave equation based models to vector wave models. By combining theory with numerous MATLAB based examples, the author promotes a complete understanding of the material and establishes a basis for real world applications. Key topics of discussion include the derivation of solutions to the inhomogeneous and homogeneous Helmholtz equations using Green function techniques; the propagation and scattering of waves in homogeneous and inhomogeneous backgrounds; and the concept of field time reversal. Bridging the gap between mathematics and physics, this multidisciplinary book will appeal to graduate students and researchers alike. Additional resources including MATLAB codes and solutions are available online at www.cambridge.org/9780521119740"- |
| 650 #7 - SUBJECT ADDED ENTRY--TOPICAL TERM | |
| Topical term or geographic name as entry element | Wave equation. |
| Source of heading or term | BUEsh |
| 9 (RLIN) | 36989 |
| 650 #7 - SUBJECT ADDED ENTRY--TOPICAL TERM | |
| Topical term or geographic name as entry element | Inverse problems (Differential equations) |
| Source of heading or term | BUEsh |
| 9 (RLIN) | 36947 |
| 653 ## - INDEX TERM--UNCONTROLLED | |
| Resource For college | Engineering, Electrical |
| Arrived date list | December2014 |
| 655 ## - INDEX TERM--GENRE/FORM | |
| Form subdivision | Reading book |
| 9 (RLIN) | 34232 |
| 942 ## - ADDED ENTRY ELEMENTS (KOHA) | |
| Source of classification or shelving scheme | Dewey Decimal Classification |
| Koha item type | Book - Borrowing |
| Withdrawn status | Lost status | Source of classification or shelving scheme | Damaged status | Not for loan | Collection code | Home library | Current library | Shelving location | Date acquired | Source of acquisition | Cost, normal purchase price | Serial Enumeration / chronology | Total Checkouts | Total Renewals | Full call number | Barcode | Date last seen | Date checked out | Cost, replacement price | Price effective from | Koha item type |
|---|---|---|---|---|---|---|---|---|---|---|---|---|---|---|---|---|---|---|---|---|---|
| Dewey Decimal Classification | Baccah | Central Library | Central Library | First floor | 18/12/2014 | Purchase | 459.00 | 21291 | 2 | 2 | 515.357 DEV | 000037217 | 24/11/2025 | 15/03/2017 | 574.00 | 18/12/2014 | Book - Borrowing |